[Event "EU-ch Silent"]
[Site "Lvov"]
[Date "2019.07.20"]
[Round "7"]
[White "Cechi, Goran"]
[Black "Szczesniak, Antoni"]
[Result "1-0"]
[WhiteElo "2034"]
[BlackElo "1363"]
[PlyCount "49"]
[EventDate "2019.07.16"]
[EventType "swiss"]
[EventRounds "7"]
[EventCountry "UKR"]
[SourceTitle "CBM 191 Extra"]
[Source "ChessBase"]
[SourceDate "2019.09.30"]
[SourceVersion "1"]
[SourceVersionDate "2019.09.30"]
[SourceQuality "1"]

1. c4 c5 2. Nc3 e6 3. e4 d6 4. Nf3 Nc6 5. d4 cxd4 6. Nxd4 a6 7. Be2 Be7 8. Be3 Nf6 9. 0-0 0-0 10. f4 e5 11. Nb3 exf4 12. Bxf4 Be6 13. Kh1 Rc8 14. Nd2 Ne5 15. b3 Qb6 16. Nd5 Bxd5 17. exd5 Ng6 18. Bg3 Nd7 19. Bf2 Qd8 20. Bd4 Nde5 21. Rc1 Qa5 22. Ne4 Qd8 23. Ng3 Bh4 24. Bg4 Rc7 25. Bb6 1-0

[Event "EU-ch Silent"]
[Site "Lvov"]
[Date "2019.07.16"]
[Round "1"]
[White "Cechi, Goran"]
[Black "Pedzko, Serhei"]
[Result "1-0"]
[WhiteElo "2034"]
[BlackElo "1570"]
[PlyCount "131"]
[EventDate "2019.07.16"]
[EventType "swiss"]
[EventRounds "7"]
[EventCountry "UKR"]
[SourceTitle "CBM 191 Extra"]
[Source "ChessBase"]
[SourceDate "2019.09.30"]
[SourceVersion "1"]
[SourceVersionDate "2019.09.30"]
[SourceQuality "1"]

1. c4 e6 2. e4 d5 3. cxd5 exd5 4. exd5 Qxd5 5. Nc3 Qd8 6. d4 Be7 7. Nf3 Nf6 8. a3 0-0 9. Bc4 h6 10. 0-0 Bf5 11. Qb3 Nc6 12. Qxb7 Nxd4 13. Nxd4 Qxd4 14. Qa6 Qb6 15. h3 Bc5 16. Na4 Qxa6 17. Bxa6 Bb6 18. Bf4 Nd5 19. Bg3 Bc2 20. Nxb6 cxb6 21. Rac1 Ba4 22. Rc4 Bb3 23. Rd4 Rad8 24. Rd3 Bc2 25. Rd2 Bb3 26. Re1 Rfe8 27. Rxe8+ Rxe8 28. Rd3 Ba2 29. b3 Nf6 30. Bc4 Bb1 31. Re3 Rxe3 32. fxe3 Bc2 33. b4 a5 34. Bc7 axb4 35. axb4 b5 36. Bxb5 Nd5 37. Bd6 Nxe3 38. Kf2 Nf5 39. Bc5 Be4 40. Ba6 Nh4 41. g3 Ng6 42. Ke3 Bg2 43. Bc8 Ne5 44. b5 Ba8 45. b6 Nc4+ 46. Kd4 Nxb6 47. Bxb6 g6 48. Ke5 Kg7 49. Bd4 Bg2 50. Kd6+ Kf8 51. Bf6 Bf1 52. Bd7 Bc4 53. Ke5 Bb3 54. Bc6 Bc4 55. Bd5 Bf1 56. h4 Bb5 57. Kd6 Ba4 58. Kc7 Bb5 59. Kd8 Ba4 60. Bb2 Bc2 61. Bc1 Kg7 62. Ke7 f5 63. Bb2+ Kh7 64. Kf6 Bd3 65. Bc1 h5 66. Bf4 1-0

[Event "WchT Silent"]
[Site "Opatija"]
[Date "2014.06.22"]
[Round "4.4"]
[White "Babiy, Petr"]
[Black "Cechi, Goran"]
[Result "1-0"]
[WhiteElo "2055"]
[BlackElo "2163"]
[PlyCount "37"]
[EventDate "2014.06.19"]
[EventType "team-swiss"]
[EventRounds "9"]
[EventCountry "CRO"]
[SourceTitle "CBM 161 Extra"]
[Source "ChessBase"]
[SourceDate "2014.08.29"]
[SourceVersion "1"]
[SourceVersionDate "2014.08.29"]
[SourceQuality "1"]
[WhiteTeam "Ukraine"]
[BlackTeam "Croatia"]
[WhiteTeamCountry "UKR"]
[BlackTeamCountry "CRO"]

1. Nf3 Nf6 2. c4 g6 3. Nc3 d5 4. d4 Bg7 5. Bf4 0-0 6. h3 c5 7. e3 cxd4 8. exd4 Nc6 9. Be2 dxc4 10. Bxc4 Qa5 11. 0-0 a6 12. d5 Qc5 13. Bb3 Rd8 14. Rc1 Qb4 15. Bc7 Be6 16. a3 Qc5 17. Na4 Qa7 18. Bb6 Qb8 19. Bxd8 1-0

[Event "WchT ICSC Silent 15th"]
[Site "Nyiregyhaza"]
[Date "2006.09.10"]
[Round "3.2"]
[White "Bokros, Istvan"]
[Black "Cechi, Goran"]
[Result "1/2-1/2"]
[WhiteElo "2164"]
[BlackElo "2136"]
[PlyCount "48"]
[EventDate "2006.09.08"]
[EventType "team"]
[EventRounds "9"]
[EventCountry "HUN"]
[SourceTitle "EXT 2015"]
[Source "ChessBase"]
[SourceDate "2014.11.20"]
[SourceVersion "1"]
[SourceVersionDate "2014.11.20"]
[SourceQuality "1"]
[WhiteTeam "Hungary"]
[BlackTeam "Croatia"]
[WhiteTeamCountry "HUN"]
[BlackTeamCountry "CRO"]

1. e4 e6 2. d4 d5 3. Nc3 Bb4 4. e5 c5 5. a3 Bxc3+ 6. bxc3 Qc7 7. Nf3 Nc6 8. a4 f6 9. Bb5 Bd7 10. 0-0 0-0-0 11. Ba3 c4 12. Bd6 Qa5 13. Bxc6 Bxc6 14. Bb4 Qc7 15. a5 a6 16. Bc5 Re8 17. Bd6 Qd8 18. Qc1 Ne7 19. Re1 Nf5 20. Bc5 h5 21. Qa3 Kd7 22. Bb6 Qe7 23. Qxe7+ Kxe7 24. Rab1 Kf7 1/2-1/2

[Event "Genova op 10th"]
[Site "Genova"]
[Date "2006.08.12"]
[Round "7"]
[White "Cechi, Goran"]
[Black "Pasquotto, Mirko"]
[Result "0-1"]
[WhiteElo "2136"]
[BlackElo "1939"]
[PlyCount "82"]
[EventDate "2006.08.07"]
[EventType "swiss"]
[EventRounds "9"]
[EventCountry "ITA"]
[SourceTitle "CBM 113 Extra"]
[Source "ChessBase"]
[SourceDate "2006.09.14"]
[SourceVersion "1"]
[SourceVersionDate "2006.09.14"]
[SourceQuality "1"]

1. e4 c5 2. Nf3 d6 3. c3 Nf6 4. Bc4 Nxe4 5. d4 cxd4 6. cxd4 e6 7. 0-0 Be7 8. Nc3 Nf6 9. Bf4 0-0 10. Rc1 a6 11. a4 Nbd7 12. Re1 b6 13. Qb3 Re8 14. h3 Nf8 15. d5 e5 16. Be3 N6d7 17. Na2 Nc5 18. Qc2 Bd7 19. b3 Ng6 20. Nc3 Kh8 21. b4 Nb7 22. Bd3 Rf8 23. Qe2 a5 24. bxa5 Rxa5 25. Bb5 Nc5 26. Bxc5 bxc5 27. Nd2 Nf4 28. Qf1 Bf5 29. Re3 Bg5 30. Nc4 Ra8 31. Ra1 Qf6 32. Ne4 Bxe4 33. Rxe4 Qg6 34. Re3 Nxd5 35. Rg3 Qh5 36. a5 Nf4 37. a6 Ne2+ 38. Kh1 Nxg3+ 39. fxg3 f5 40. a7 Rf7 41. Nxd6 Rfxa7 0-1

[Event "WchT ICSC Silent 14th"]
[Site "Vilnius"]
[Date "2002.07.22"]
[Round "2.1"]
[White "Bokros, Istvan"]
[Black "Cechi, Goran"]
[Result "1/2-1/2"]
[WhiteElo "2143"]
[BlackElo "2157"]
[PlyCount "44"]
[EventDate "2002.07.21"]
[EventType "team-tourn"]
[EventRounds "9"]
[EventCountry "LTU"]
[SourceTitle "EXT 2015"]
[Source "ChessBase"]
[SourceDate "2014.11.20"]
[SourceVersion "1"]
[SourceVersionDate "2014.11.20"]
[SourceQuality "1"]

1. e4 e6 2. d4 d5 3. Nc3 Bb4 4. e5 c5 5. a3 Ba5 6. b4 cxd4 7. Nb5 Bc7 8. f4 Nc6 9. Nf3 a6 10. Nxc7+ Qxc7 11. Bb2 Nge7 12. Bd3 Bd7 13. 0-0 h6 14. Kh1 Nf5 15. Bxf5 exf5 16. Bxd4 Nxd4 17. Nxd4 Be6 18. Rf3 g5 19. Qd2 Rc8 20. fxg5 hxg5 21. Re1 g4 22. Rd3 Rh5 1/2-1/2

[Event "Genova op1"]
[Site "Genova"]
[Date "2001.??.??"]
[Round "1"]
[White "Cechi, Goran"]
[Black "Popchev, Milko"]
[Result "1/2-1/2"]
[WhiteElo "2158"]
[BlackElo "2482"]
[PlyCount "93"]
[EventDate "2001.??.19"]
[EventType "swiss"]
[EventRounds "9"]
[EventCountry "ITA"]
[SourceTitle "EXT 2002"]
[Source "ChessBase"]
[SourceDate "2001.11.25"]
[SourceVersion "1"]
[SourceVersionDate "2001.11.25"]
[SourceQuality "1"]

1. c4 g6 2. Nc3 Bg7 3. Nf3 d6 4. d4 Bg4 5. e3 Nf6 6. Be2 0-0 7. h3 Bf5 8. Bd3 Bxd3 9. Qxd3 c5 10. 0-0 Nc6 11. b3 cxd4 12. exd4 d5 13. Be3 Rc8 14. c5 b6 15. Na4 Nd7 16. cxb6 Nxb6 17. Nxb6 Qxb6 18. Rac1 Rfd8 19. a3 Na5 20. Nd2 Nb7 21. Nf3 Nd6 22. Rxc8 Rxc8 23. Rc1 Rb8 24. b4 Nc4 25. Nd2 Nxe3 26. fxe3 a5 27. bxa5 Qxa5 28. Qc3 Qa6 29. Qc7 Ra8 30. Qxe7 Bf8 31. Qd7 Qxa3 32. Re1 Bb4 33. Nb1 Qa7 34. Qxa7 Rxa7 35. Re2 Rc7 36. Rb2 Be1 37. Kf1 Bg3 38. Ke2 Rc1 39. Nd2 Rc6 40. Rb5 Rf6 41. Nf3 Rf5 42. Rc5 Kg7 43. Rc6 h5 44. Kd3 g5 45. Rc2 g4 46. hxg4 hxg4 47. Ng1 1/2-1/2

[Event "Genova op1"]
[Site "Genova"]
[Date "2001.??.??"]
[Round "4"]
[White "Goris, Ton"]
[Black "Cechi, Goran"]
[Result "1/2-1/2"]
[WhiteElo "2082"]
[BlackElo "2158"]
[PlyCount "30"]
[EventDate "2001.??.19"]
[EventType "swiss"]
[EventRounds "9"]
[EventCountry "ITA"]
[SourceTitle "EXT 2002"]
[Source "ChessBase"]
[SourceDate "2001.11.25"]
[SourceVersion "1"]
[SourceVersionDate "2001.11.25"]
[SourceQuality "1"]

1. e4 e6 2. d4 d5 3. e5 c5 4. c3 Nc6 5. Nf3 Qb6 6. a3 c4 7. Nbd2 f6 8. Be2 fxe5 9. Nxe5 Nxe5 10. dxe5 Bc5 11. 0-0 Ne7 12. b4 cxb3 13. Nxb3 0-0 14. Nxc5 Qxc5 15. Qd4 Qc7 1/2-1/2